[Event "URS Spartakiad"]
[Site "URS"]
[Date "1979.??.??"]
[Round "?"]
[White "Dzuban, Oleg I"]
[Black "Ivanov, Igor V"]
[Result "0-1"]
[WhiteElo "2440"]
[BlackElo "2415"]

1.d4 Nf6 2.c4 e6 3.Nc3 Bb4 4.e3 O-O 5.Bd3 c5 6.Nf3 d5 7.a3 Bxc3+ 8.bxc3 dxc4
9.Bxc4 Qc7 10.Be2 b6 11.O-O Bb7 12.Ne5 Rd8 13.a4 Nc6 14.Nxc6 Bxc6 15.Bf3 e5
16.Bb2 Rac8 17.Bxc6 Qxc6 18.Qd2 e4 19.Ba3 cxd4 20.cxd4 Nd5 21.a5 b5 22.Bc5 a6
23.Qb2 Rc7 24.Qa3 Qe6 25.Rfe1 Rdc8 26.Ra2 h5 27.Rf1 Qf5 28.Re2 Rc6 29.Qb3 Rg6
30.f3 Re8 31.Qc2 h4 32.Rff2 h3 33.g3 Rge6 34.fxe4 Qxe4 35.Qxe4 Rxe4  0-1

[Event "URS Spartakiad"]
[Site "URS"]
[Date "1979.??.??"]
[Round "?"]
[White "Ivanov, Igor V"]
[Black "Kupreichik, Viktor D"]
[Result "1/2-1/2"]
[WhiteElo "2415"]
[BlackElo "2365"]

1.c4 e5 2.Nc3 Nc6 3.g3 d6 4.Bg2 Be6 5.b4 Qd7 6.b5 Nd8 7.d3 g6 8.a4 Bg7 9.a5 a6
10.b6 c6 11.Ne4 f5 12.Ng5 Nf6 13.Nxe6 Nxe6 14.Bb2 O-O 15.Nf3 e4 16.dxe4 fxe4
17.Nd4 e3 18.f3 Qf7 19.Nc2 Ne4 20.Bxg7 Qxg7 21.Ra3 Nf2 22.Qxd6 Rf6 23.Nxe3 Nf8
24.Qxf6 Qxf6 25.Kxf2 Rd8 26.Bh3 Rd2 27.Rb1 Ne6 28.Bxe6+ Qxe6 29.Rbb3 Qh3
30.Rd3 Rb2 31.Rd8+ Kg7 32.Rad3 Qxh2+ 33.Ng2 Rb1 34.Rd1 Rxd1 35.Rxd1 Qh3 36.g4 h5
37.Rd7+ Kh6 38.Rxb7 h4 39.Nf4 Qg3+ 40.Ke3 Qg1+ 41.Ke4 Qb1+ 42.Nd3 Qa2 43.Ke3 Qxc4
44.Re7 h3 45.Re4 Qb3 46.Kf2 c5 47.g5+ Kxg5 48.Kg3 c4 49.Nf2 c3 50.Ng4 Kh5
51.Re5+ g5 52.Rc5 Qe6 53.Kf2 h2 54.Nxh2 Qd6 55.Rxc3 Qxh2+ 56.Ke3 Qe5+ 57.Kd3 Qb5+
58.Kd4 Qxe2 59.Kd5 Qd2+ 60.Kc4 Qf4+ 61.Kd5 Qf5+ 62.Kd4 Qxa5 63.Rb3 Qa2 64.Kc3 Qa5+
65.Kb2 Qe5+ 66.Ka2 Qb8 67.b7 Kh4 68.Ka3 Kg3 69.Ka4 a5 70.Rb6 Kxf3 71.Kxa5 g4
72.Ka6 g3 73.Rc6 g2 74.Rf6+ Ke2 75.Rg6 Kf2 76.Rf6+ Kg1 77.Rb6 Kf2 78.Rf6+  1/2-1/2

[Event "URS Spartakiad"]
[Site "URS"]
[Date "1979.??.??"]
[Round "?"]
[White "Ivanov, Igor V"]
[Black "Kakageldyev, Amanmurad"]
[Result "1/2-1/2"]
[WhiteElo "2415"]
[BlackElo "2415"]

1.e4 Nf6 2.e5 Nd5 3.d4 d6 4.Nf3 g6 5.Ng5 c6 6.c4 Nc7 7.Qf3 f6 8.exf6 exf6
9.Ne4 f5 10.Nec3 Bg7 11.d5 O-O 12.Be2 cxd5 13.cxd5 Nd7 14.O-O b6 15.Bf4 Ne5
16.Qe3 Re8 17.Qd2 Ba6 18.Na3 Bxe2 19.Nxe2 Qd7 20.Rac1 Rac8 21.Rc2 Nb5 22.Bxe5 Rxc2
23.Nxc2 dxe5 24.Nb4 a5 25.Nc6 Nd4 26.Nexd4 exd4 27.Re1 Rxe1+ 28.Qxe1 Bf6
29.Qe6+ Qxe6 30.dxe6 d3 31.Kf1 Bxb2 32.Ne7+ Kg7 33.Nd5 b5 34.Ke1 Bc1 35.Kd1 d2
36.f3 b4  1/2-1/2

[Event "URS Spartakiad"]
[Site "URS"]
[Date "1979.??.??"]
[Round "?"]
[White "Piesina, Gintautas"]
[Black "Ivanov, Igor V"]
[Result "1-0"]
[WhiteElo "2200"]
[BlackElo "2415"]

1.Nf3 Nf6 2.c4 b6 3.g3 Bb7 4.Bg2 g6 5.d4 Bg7 6.O-O O-O 7.Re1 Qc8 8.Nc3 Ne4
9.Nd5 Nc6 10.Ne5 Nf6 11.Nxc6 Nxd5 12.cxd5 dxc6 13.dxc6 Ba6 14.d5 Qd8 15.Qc2 Qd6
16.Bf4 Be5 17.Bxe5 Qxe5 18.Rad1 g5 19.e3 Kh8 20.Rd4 Bc8 21.h4 g4 22.Red1 f6
23.Rf4 Kg7 24.Rdd4 a5 25.Be4 f5 26.Bd3 Rf6 27.Qc3 Kf7 28.a4 h5 29.e4 fxe4
30.Rfxe4 Qd6 31.Re2 Qc5 32.Bc4 Ba6 33.Qd3 Bxc4 34.Rxc4 Qd6  1-0

[Event "Capablanca mem-B"]
[Site "Cienfuegos"]
[Date "1980.??.??"]
[Round "?"]
[White "Bueno Perez, Lazaro"]
[Black "Ivanov, Igor V"]
[Result "1-0"]
[WhiteElo "2355"]
[BlackElo "2430"]

1.e4 c5 2.Nf3 Nc6 3.d4 cxd4 4.Nxd4 g6 5.Nxc6 bxc6 6.Qd4 f6 7.Bc4 e5 8.Qd3 Ne7
9.Nc3 Bb7 10.f4 d5 11.exd5 cxd5 12.Bb5+ Kf7 13.fxe5 fxe5 14.O-O+ Kg7 15.Bg5 Qb6+
16.Kh1 e4 17.Qg3 Qe6 18.Rf6 Qc8 19.Qe5 Kg8 20.Rxf8+ Qxf8 21.Bxe7 Qf5 22.Bf6  1-0

[Event "Capablanca mem-B"]
[Site "Cienfuegos"]
[Date "1980.??.??"]
[Round "?"]
[White "Navarro, Roberto"]
[Black "Ivanov, Igor V"]
[Result "0-1"]
[WhiteElo "2325"]
[BlackElo "2430"]

1.e4 e5 2.Nf3 Nc6 3.Bb5 a6 4.Ba4 Nf6 5.O-O Nxe4 6.d4 b5 7.Bb3 d5 8.dxe5 Be6
9.c3 Bc5 10.Nbd2 O-O 11.Bc2 Bf5 12.Nb3 Bg4 13.h3 Bxf3 14.Qxf3 Nxe5 15.Qf5 Bd6
16.Bxe4 g6 17.Qf4 Nc6 18.Qf3 dxe4 19.Qxe4 Re8 20.Qc2 Qf6 21.Nd4 Rad8 22.Nf3 Ne5
23.Ne1 Bc5 24.b3 Rd7 25.a4 Red8 26.axb5 axb5 27.Qe2 Nd3 28.Nxd3 Rxd3 29.Ra8 Rxc3
30.Rxd8+ Qxd8 31.Bb2 Rxb3 32.Qe5 Rxb2 33.Qxb2 Qd5 34.Re1 Bd4 35.Qb4 Kg7 36.Kh1 Bxf2
37.Rb1 c6 38.Rc1 Qd3 39.Qe7 Bd4 40.Qd6 c5  0-1

[Event "Lone Pine op"]
[Site "Lone Pine"]
[Date "1981.??.??"]
[Round "?"]
[White "Seirawan, Yasser"]
[Black "Ivanov, Igor V"]
[Result "1/2-1/2"]
[WhiteElo "2555"]
[BlackElo "2430"]

1.c4 e6 2.Nc3 d5 3.d4 Nf6 4.Bg5 Be7 5.e3 O-O 6.Qc2 Nbd7 7.Nf3 h6 8.Bh4 c5
9.cxd5 Nxd5 10.Bxe7 Qxe7 11.Nxd5 exd5 12.dxc5 Nxc5 13.Be2 Bg4 14.O-O Rac8
15.Rac1 Qf6 16.Qd2 Ne4 17.Qd4 Bxf3 18.Qxf6 Nxf6 19.Bxf3 Rc6 20.Rfd1 Rfc8
21.Rb1 Rc2 22.h3 R8c5 23.a4 g6 24.b4 Rc7 25.Bxd5 Nxd5 26.Rxd5 Ra2 27.a5 Rcc2
28.Rf1 Rab2 29.Rb5 Rc7 30.g4 Kg7 31.Kg2 Kf6 32.Kg3 Rd2 33.h4 Ke6 34.Rb1 Rd6
35.h5 g5 36.Rf5 Rc3 37.b5 Rc4 38.f4 gxf4+ 39.Rxf4 Rxf4 40.Kxf4 Rd5 41.b6 a6
42.Rc1 Rxa5 43.Rc7 Rb5 44.Rxb7 a5 45.e4 a4 46.Rb8 Kf6 47.b7 Kg7 48.e5 a3
49.Kf5 a2 50.Ra8 Rxb7 51.Rxa2 Rb1 52.Rf2 Re1 53.Rf3 Rg1 54.Kf4 Re1 55.Re3 Rf1+
56.Kg3 Rg1+ 57.Kh3 Rf1 58.Kg2 Rf4 59.Kg3 Ra4 60.Rf3 Ra6 61.Rf1 f6 62.exf6+ Rxf6
63.Rf5 Ra6 64.Rb5 Rf6 65.Rb8 Rf7 66.Rb6 Rf6 67.Rxf6 Kxf6 68.Kf4  1/2-1/2

[Event "Lone Pine op"]
[Site "Lone Pine"]
[Date "1981.??.??"]
[Round "?"]
[White "Benko, Pal C"]
[Black "Ivanov, Igor V"]
[Result "1/2-1/2"]
[WhiteElo "2480"]
[BlackElo "2430"]

1.c4 e6 2.Nc3 d5 3.d4 Nf6 4.cxd5 exd5 5.Bg5 Be7 6.e3 Nbd7 7.Bd3 c6 8.Qc2 O-O
9.Nge2 Re8 10.O-O Nf8 11.Bxf6 Bxf6 12.b4 Be7 13.Rab1 Bd6 14.b5 Re6  1/2-1/2

[Event "Lone Pine op"]
[Site "Lone Pine"]
[Date "1981.??.??"]
[Round "?"]
[White "Reshevsky, Samuel Herman"]
[Black "Ivanov, Igor V"]
[Result "1/2-1/2"]
[WhiteElo "2485"]
[BlackElo "2430"]

1.c4 c5 2.Nc3 g6 3.g3 Bg7 4.Bg2 Nc6 5.a3 e6 6.Rb1 Nge7 7.b4 cxb4 8.axb4 d5
9.cxd5 exd5 10.b5 Na5 11.Ba3 d4 12.Ne4 O-O 13.Nh3 Nc4 14.Bb4 Re8 15.Nf4 Nf5
16.Qb3 Nb6 17.O-O Be5 18.Qf3 Bd7 19.Bc5 Rc8 20.Nd3 Bg7 21.h4 Nc4 22.Rfc1 Ne5
23.Nxe5 Rxe5 24.Bxa7 Rxb5 25.Qd3 Rxc1+ 26.Rxc1 b6 27.Qc4 Be5 28.f4 Nxg3 29.fxe5 Nxe4
30.Qxd4 Nc5 31.Qd6 Ne6 32.e3 Rb2 33.Rf1 Be8 34.Qxd8 Nxd8 35.d4 Nc6 36.Ra1 Ne7
37.Rc1 Ba4 38.Be4 Nf5 39.Bxf5 gxf5 40.Rc8+ Kg7 41.d5 Bb3 42.d6 Be6 43.Rb8 Kg6
44.Rxb6 Rxb6 45.Bxb6 Kh5 46.Bd8 Kg4 47.Kf2 f4  1/2-1/2

[Event "Lone Pine op"]
[Site "Lone Pine"]
[Date "1981.??.??"]
[Round "?"]
[White "Sosonko, Gennadi"]
[Black "Ivanov, Igor V"]
[Result "1-0"]
[WhiteElo "2595"]
[BlackElo "2430"]

1.d4 Nf6 2.c4 e6 3.Nf3 b6 4.g3 Ba6 5.Nbd2 Bb7 6.Bg2 c5 7.e4 cxd4 8.e5 Ng4
9.O-O h5 10.h3 Nh6 11.Nxd4 Bxg2 12.Kxg2 Bc5 13.N2b3 Bxd4 14.Nxd4 Qc8 15.Bxh6 Rxh6
16.Nb5 Qc6+ 17.Kh2 Na6 18.Qd2 Nc7 19.Nd6+ Kf8 20.Rad1 Ne8 21.Nxe8 Kxe8 22.Qg5 Rh7
23.Rd4 Rd8 24.Rfd1 Qc5 25.h4 Qe7 26.Qd2 f6 27.f4 fxe5 28.fxe5 g5 29.Rf1 gxh4
30.gxh4 Rf7 31.Rdf4 Rxf4 32.Qxf4 d5 33.Qg3 Kd7 34.cxd5 exd5 35.Rc1 Qh7 36.e6+ Kxe6
37.Rc6+ Ke7 38.Qe5+ Kf8 39.Qf6+  1-0

[Event "Lone Pine op"]
[Site "Lone Pine"]
[Date "1981.??.??"]
[Round "?"]
[White "Ivanov, Igor V"]
[Black "Alburt, Lev O"]
[Result "0-1"]
[WhiteElo "2430"]
[BlackElo "2575"]

1.e4 Nf6 2.e5 Nd5 3.c4 Nb6 4.c5 Nd5 5.Bc4 e6 6.Nc3 Nxc3 7.dxc3 Qh4 8.Qe2 Bxc5
9.Nh3 f6 10.b4 Bb6 11.a4 a6 12.a5 Ba7 13.b5 f5 14.b6 cxb6 15.Ng5 h6 16.Nf3 Qe4
17.Be3 bxa5 18.Bd3 Qc6 19.O-O Bxe3 20.Qxe3 O-O 21.Rfb1 b5 22.c4 b4 23.Rxa5 Qb7
24.Nd4 Qb6 25.Rba1 Bb7 26.c5 Qc7 27.Bc4 Nc6 28.Nxc6 Qxc6 29.f3 Qc7 30.Qd4 f4
31.Bd3 Bd5 32.h4 Qd8 33.Qf2 b3 34.Rxa6 Rxa6 35.Rxa6 Qc7 36.Qd4 Rc8 37.Bg6 Qxc5
38.Qxc5 Rxc5 39.Rb6 Rc8 40.Kh2 Kf8 41.Kh3 Ke7 42.Kg4 Rc2 43.Kxf4 Rxg2 44.Be4 Bxe4
45.fxe4 b2 46.Kf3 Rc2 47.Rb8 Kf7 48.Rb7 Kg6 49.Kg4 Rd2 50.Rb8 h5+ 51.Kf3 Rd3+
52.Kf4 Rh3 53.Rxb2 Rxh4+ 54.Kf3 Rh3+  0-1

[Event "Lone Pine op"]
[Site "Lone Pine"]
[Date "1981.??.??"]
[Round "?"]
[White "Ivanov, Igor V"]
[Black "Arnason, Jon L"]
[Result "1-0"]
[WhiteElo "2430"]
[BlackElo "2450"]

1.d4 Nf6 2.c4 c5 3.d5 e6 4.Nc3 exd5 5.cxd5 d6 6.e4 g6 7.Bd3 Bg7 8.Nge2 O-O
9.O-O Na6 10.Kh1 Nc7 11.f3 Rb8 12.a4 a6 13.Rb1 b5 14.b4 Nd7 15.axb5 axb5
16.Be3 Ba6 17.Qd2 Ne5 18.f4 Nxd3 19.Qxd3 f5 20.exf5 gxf5 21.Rf3 Qd7 22.Rg3 Qf7
23.Qd2 Rfd8 24.h3 Kh8 25.Rd1 Bb7 26.bxc5 b4 27.Bd4 Ne8 28.c6 bxc3 29.Nxc3 Ba6
30.Re1 Bf6 31.Re6 Rb4 32.c7 Rc8 33.Bxf6+ Nxf6 34.Rxd6 Rxc7 35.Rxa6 Rc8 36.Qe1 Re8
37.Re6 Rxf4 38.Qe5 Rf1+ 39.Kh2 Rf8 40.Nb5 f4 41.Rg5 h6 42.Rf5 Qg7 43.Rxf4 Rxf4
44.Qxf4 Nxd5  1-0

[Event "Lone Pine op"]
[Site "Lone Pine"]
[Date "1981.??.??"]
[Round "?"]
[White "Ivanov, Igor V"]
[Black "Brooks, Michael A"]
[Result "1-0"]
[WhiteElo "2430"]
[BlackElo "2300"]

1.d4 Nf6 2.c4 g6 3.Nc3 Bg7 4.e4 d6 5.Be2 O-O 6.Nf3 e5 7.Be3 Nc6 8.d5 Ne7
9.Nd2 Nd7 10.b4 f5 11.f3 Nf6 12.c5 Kh8 13.Nc4 Ne8 14.Rc1 Ng8 15.O-O f4 16.Bf2 Bf6
17.cxd6 cxd6 18.Nb5 b6 19.a4 Ba6 20.Nca3 Bh4 21.Bxh4 Qxh4 22.Nc7 Nxc7 23.Rxc7 Qd8
24.Rc2 Bxe2 25.Qxe2 g5 26.Nb5 Rf7 27.Rfc1 Nf6 28.Rc6 Ne8 29.Qc2 Kg7 30.Nc7 Nxc7
31.Rxc7 h5 32.Qc6 Rxc7 33.Qxc7+ Kg6 34.Rc6 Qxc7 35.Rxc7 Rd8 36.h3 g4 37.h4 Kf6
38.Kf2 g3+ 39.Ke2  1-0

[Event "Lone Pine op"]
[Site "Lone Pine"]
[Date "1981.??.??"]
[Round "?"]
[White "Ivanov, Igor V"]
[Black "Pfleger, Helmut"]
[Result "0-1"]
[WhiteElo "2430"]
[BlackElo "2505"]

1.e4 d6 2.d4 Nf6 3.Bd3 e5 4.c3 Nc6 5.Nf3 g6 6.Bg5 Bg7 7.O-O O-O 8.Nbd2 h6
9.Bh4 g5 10.Bg3 g4 11.Nh4 exd4 12.cxd4 Nxd4 13.Nb3 Nc6 14.Nf5 Bxf5 15.exf5 Ne5
16.Be2 Re8 17.Na5 Qd7 18.Nxb7 Rab8 19.Na5 Rxb2 20.Bd3 Nxd3 21.Qxd3 Qb5 22.Nc4 Rb4
23.Rac1 Re4  0-1

[Event "Montreal zt"]
[Site "Montreal"]
[Date "1981.??.??"]
[Round "?"]
[White "Murray, Peter"]
[Black "Ivanov, Igor V"]
[Result "0-1"]
[WhiteElo "2330"]
[BlackElo "2430"]

1.d4 Nf6 2.c4 g6 3.Nc3 Bg7 4.e4 d6 5.Be2 O-O 6.Bg5 c6 7.Qd2 e5 8.d5 Na6 9.Bf3 cxd5
10.cxd5 Bd7 11.Nge2 b5 12.O-O b4 13.Nd1 Bb5 14.a4 Bd7 15.Ng3 Nc5 16.Qxb4 Rb8
17.Qc4 Qa5 18.Qc2 Bxa4 19.Nc3 Bxc2 20.Rxa5 a6 21.Be3 Nfd7 22.Bc1 Rfc8 23.Bg4 Rc7
24.Ra2 Nf6 25.Bf3 Bd3 26.Rd1 h5 27.h4 Bc4 28.Ra3 Nfd7 29.Be2 Rb4 30.Bxc4 Rxc4
31.f3 Bf6 32.Bg5 Bxg5 33.hxg5 Rb4 34.Ra2 Rcb7 35.Rd2 Nf8 36.Nf1 Nh7 37.Ne3 Nxg5
38.Ncd1 h4 39.Rc2 Rd4 40.Ra3 h3 41.Nf2 hxg2 42.Kxg2 Rbb4 43.Rac3 Kg7 44.Nc4 Nb7
45.Ne3 a5 46.Nd3 Rb5 47.Ra3 a4 48.Rc4 Nc5 49.Rxd4 exd4 50.Nc4 Nxd3 51.Rxd3 f5
52.exf5 Rxd5 53.Nb6 Rb5 54.Nxa4 Rb4 55.b3 gxf5 56.Nb2 Ne6 57.Kg3 Nc5 58.Rd1 Rxb3
59.Nc4 d5 60.Na5 Ra3 61.Nc6 d3 62.Ne7 Kf6 63.Nxd5+ Ke5 64.Ne7 Ke6 65.Ng6 Kf6
66.Nf4 Rb3 67.Rc1 d2 68.Rd1 Rb2 69.Kf2 Ke5 70.Ng6+ Kd4 71.Ne7 Na4 72.Nxf5+ Kd3  0-1

[Event "Montreal zt"]
[Site "Montreal"]
[Date "1981.??.??"]
[Round "?"]
[White "Hebert, Jean"]
[Black "Ivanov, Igor V"]
[Result "1/2-1/2"]
[WhiteElo "2405"]
[BlackElo "2430"]

1.e4 c5 2.Nf3 d6 3.d4 cxd4 4.Qxd4 Bd7 5.c4 Nc6 6.Qd1 g6 7.Be2 Nf6 8.Nc3 Bg7
9.h3 O-O 10.O-O Qa5 11.Be3 Rfc8 12.Nd2 Qd8 13.Rc1 Be8 14.a3 Nd7 15.b4 a5
16.b5 Nd4 17.Ndb1 Ne6 18.Nd5 Nec5 19.f3 e6 20.Ndc3 Qe7 21.Bf4 Ne5 22.Na4 Nxa4
23.Qxa4 Nd7 24.Qd1 Be5 25.Be3 Nc5 26.f4 Bg7 27.Bxc5 dxc5 28.e5 Rd8 29.Qe1 Rd4
30.Rd1 Rad8 31.Qxa5 g5 32.Rxd4 Rxd4 33.Nd2 gxf4 34.Nf3 Re4 35.Qd2 Qc7 36.Bd3 Re3
37.Re1 Bxe5 38.Rxe3 fxe3 39.Qxe3 Bg7 40.Qe4 h6 41.a4 Bd7 42.Bc2 Bc8 43.Kf2 Kf8
44.g4 Ke7 45.Kg2 Qa5 46.Qe1 Qc3 47.Qxc3 Bxc3 48.Kf2 f5 49.Ke3 Kf6 50.gxf5 exf5
51.h4 Ba5 52.Bd3 Bc7 53.Nd2 Bg3 54.a5 Bxh4 55.Nb3 Be1 56.Kf4 Bc3 57.Be2 Be5+
58.Ke3 Bd6 59.Bf3 Kg5 60.Ke2 h5 61.b6 h4 62.a6 bxa6 63.b7 Be6 64.Kd3 f4 65.Nxc5 Bf5+
66.Kd4 a5 67.Na6 a4 68.c5 a3 69.Bd5 f3 70.cxd6 f2 71.b8=Q f1=Q 72.Qd8+ Kg4
73.d7 a2 74.Qg8+ Kh3 75.Bxa2 Qa1+ 76.Kc5 Bxd7 77.Qb3+ Kh2 78.Qc2+ Kg1 79.Qg6+ Kh2
80.Qd6+ Kg1 81.Nb4 Qc3+ 82.Kb6 Qe3+ 83.Kb7 Bg4 84.Bd5 Bf3 85.Qg6+ Kh2 86.Qc2+ Kg1
87.Qg6+  1/2-1/2

[Event "Montreal zt"]
[Site "Montreal"]
[Date "1981.??.??"]
[Round "?"]
[White "Vranesic, Zvonko"]
[Black "Ivanov, Igor V"]
[Result "1/2-1/2"]
[WhiteElo "2390"]
[BlackElo "2430"]

1.c4 c5 2.Nf3 Nf6 3.Nc3 Nc6 4.d4 cxd4 5.Nxd4 e6 6.Ndb5 d5 7.Bf4 e5 8.cxd5 exf4
9.dxc6 bxc6 10.Qxd8+ Kxd8 11.Rd1+ Bd7 12.Nd6 Bxd6 13.Rxd6 Rb8 14.Rd2 Ke7
15.g3 fxg3 16.hxg3 Be6 17.Rh4 Rhc8 18.Ra4 Rc7 19.e4 Nd7 20.b3 f6 21.f4 Nb6
22.Ra5 Rd8 23.Rxd8 Kxd8 24.Kf2 Bg4 25.Ke3 Rd7 26.Rc5 Rd6 27.Bd3 h6 28.Be2 Bxe2
29.Nxe2 Nc8 30.Nd4 Ne7 31.Ra5 Nc8 32.Nf5 Rd7 33.Rc5 Kc7 34.Nd4 Ne7 35.b4 Kb6
36.f5 Rd8 37.Rc1 h5 38.a4 g6 39.fxg6 Rg8 40.a5+ Kb7 41.Rc5 Nxg6 42.a6+ Kxa6
43.Rxc6+ Kb7 44.Rxf6 Ne5 45.Rf5 Nc4+ 46.Kd3 Nd6 47.Rf3 Re8 48.Nf5 Nf7 49.Rf1 Kb6
50.Ng7 Ne5+ 51.Kc3 Rc8+ 52.Kb3 Rc4 53.Nxh5 Rxe4 54.Rf4 Re3+ 55.Ka4 Nd3 56.Rf6+ Kb7  1/2-1/2

[Event "Montreal zt"]
[Site "Montreal"]
[Date "1981.??.??"]
[Round "?"]
[White "Nurmi, Peter"]
[Black "Ivanov, Igor V"]
[Result "1/2-1/2"]
[WhiteElo "2320"]
[BlackElo "2430"]

1.e4 e5 2.Nf3 Nc6 3.Bb5 a6 4.Bxc6 dxc6 5.O-O Be7 6.d3 f6 7.Nbd2 Nh6 8.Nc4 Nf7
9.Be3 c5 10.Nfd2 g5 11.Qe2 Be6 12.c3 Qd7 13.Nb3 Qb5 14.Na3 Qc6 15.Na5 Qd6
16.N3c4 Bxc4 17.Nxc4  1/2-1/2

[Event "Montreal zt"]
[Site "Montreal"]
[Date "1981.??.??"]
[Round "?"]
[White "Ivanov, Igor V"]
[Black "Spraggett, Kevin"]
[Result "1-0"]
[WhiteElo "2430"]
[BlackElo "2450"]

1.Nf3 Nf6 2.c4 g6 3.Nc3 Bg7 4.e4 d6 5.d4 O-O 6.Be3 Nbd7 7.Nd2 e5 8.d5 Ne8
9.g4 f5 10.gxf5 gxf5 11.exf5 Nc5 12.Nde4 Nxe4 13.Nxe4 Bxf5 14.Ng3 Qh4 15.Qd2 Bg6
16.O-O-O Rf4 17.b3 Rd4 18.Bxd4 exd4 19.f4 Bh6 20.Kb2 Bxf4 21.Qg2 d3 22.Bxd3 Be5+
23.Ka3 Qd4 24.Rhe1 Qc5+ 25.b4 Qd4 26.Ne4 a5 27.b5 Bg7 28.Qf2 Qe5 29.Qd2 Qh5
30.Rg1 Qh4 31.Qf2 Qe7 32.Rde1 Be5 33.Ng3 Ng7 34.Bxg6 hxg6 35.Re4 Qd7 36.Qf3 Re8
37.Rg4 Kh7 38.Ne4 Nf5 39.Ng5+ Kg7 40.Ne6+  1-0

[Event "Montreal zt"]
[Site "Montreal"]
[Date "1981.??.??"]
[Round "?"]
[White "Ivanov, Igor V"]
[Black "Piasetski, Leon David"]
[Result "1-0"]
[WhiteElo "2430"]
[BlackElo "2420"]

1.d4 d6 2.Nf3 g6 3.g3 Bg7 4.Bg2 Nc6 5.d5 Ne5 6.Nxe5 Bxe5 7.Nd2 Bd7 8.Nf3 Bg7
9.O-O c6 10.e4 cxd5 11.exd5 Nf6 12.Re1 O-O 13.c3 Re8 14.a4 Qa5 15.Nd4 Rac8
16.Nb3 Qc7 17.h3 Qc4 18.Nd2 Qd3 19.Ra3 Rc7 20.a5 e6 21.Ne4 Qxd1 22.Nxf6+ Bxf6
23.Rxd1 exd5 24.Be3 d4 25.cxd4 a6 26.Rc3 Rxc3 27.bxc3 Bd8 28.Rb1 Bb5 29.Bd5 Bxa5
30.c4 Bc6 31.Bxc6 bxc6 32.Ra1 Bc3 33.Ra3 Bb2 34.Rxa6 Rc8 35.Kf1 Kf8 36.Ke2 c5
37.Rxd6 cxd4 38.Bxd4 Ke7 39.Rd5 Bxd4 40.Rxd4 Ke6 41.h4 h5 42.Kd3 f6 43.Re4+ Kf5
44.f3 g5 45.g4+ hxg4 46.fxg4+ Kg6 47.hxg5 Kxg5 48.Kd4 f5 49.gxf5 Kxf5 50.Re5+ Kf6
51.c5 Rd8+ 52.Rd5 Rc8 53.Rd6+ Ke7 54.Kd5 Ra8 55.Kc6 Ra6+ 56.Kc7 Ra7+ 57.Kb6 Ra1
58.Rd4 Rb1+ 59.Kc7 Ke6 60.c6 Rc1 61.Kb7 Rb1+ 62.Kc8 Rc1 63.c7 Ke7 64.Rb4 Kd6
65.Rb6+  1-0

[Event "Montreal zt"]
[Site "Montreal"]
[Date "1981.??.??"]
[Round "?"]
[White "Ivanov, Igor V"]
[Black "Jauregui Andrade, Carlos"]
[Result "1-0"]
[WhiteElo "2430"]
[BlackElo "2305"]

1.d4 d5 2.c4 dxc4 3.Nf3 a6 4.e3 Bg4 5.Bxc4 e6 6.Qb3 Bxf3 7.gxf3 b5 8.Be2 Qg5
9.a4 b4 10.Nd2 Qg2 11.Rf1 Nf6 12.f4 Ra7 13.Nf3 h6 14.f5 Qh3 15.fxe6 fxe6
16.Ne5 Bd6 17.Bg4 Nxg4 18.Qxe6+ Be7 19.Nxg4 Kd8 20.Qg6 Nd7 21.Qxg7 Rf8 22.Ne5 Nxe5
23.Qxe5 Bd6 24.Qd5 Qxh2 25.Bd2 c6 26.Qa5+ Kc8 27.Rc1 Raf7 28.Rxc6+ Bc7 29.Qxa6+ Kd8
30.Rxh6 Qg2 31.Qc6 Rf3 32.Qa8+ Kd7 33.Rh7+ Kd6 34.Bxb4+ Ke6 35.Re7+  1-0

[Event "Montreal zt"]
[Site "Montreal"]
[Date "1981.??.??"]
[Round "?"]
[White "Ivanov, Igor V"]
[Black "Buchholz, Martin"]
[Result "1-0"]
[WhiteElo "2430"]
[BlackElo "2235"]

1.Nf3 Nf6 2.c4 e6 3.d4 b6 4.g3 Bb7 5.Bg2 Be7 6.Nc3 Ne4 7.Qc2 Nxc3 8.Qxc3 O-O
9.O-O d6 10.b3 f5 11.Qe3 Qc8 12.Bb2 Bf6 13.Rad1 Re8 14.Ne1 Nd7 15.Qd3 Bxg2
16.Nxg2 Qb7 17.Rfe1 Qe4 18.Qd2 e5 19.f3 Qb7 20.d5 Re7 21.e4 fxe4 22.fxe4 Rf7
23.Qe2 a5 24.Rf1 Raf8 25.h4 Nc5 26.Ba3 g6 27.Rf2 Qc8 28.Bxc5 bxc5 29.g4 Qd8
30.g5 Bxg5 31.Rxf7 Rxf7 32.hxg5 Qxg5 33.Rf1 Rxf1+ 34.Qxf1 Qd2 35.Qf6 Qxa2
36.Qd8+ Kg7 37.Qxc7+ Kh6 38.Qxd6 Qxb3 39.Qf8+ Kg5 40.Qe7+  1-0

[Event "Montreal zt"]
[Site "Montreal"]
[Date "1981.??.??"]
[Round "?"]
[White "Day, Lawrence A"]
[Black "Ivanov, Igor V"]
[Result "0-1"]
[WhiteElo "2430"]
[BlackElo "2430"]

1.e4 c5 2.f4 g6 3.Nc3 Bg7 4.g3 Nc6 5.Bg2 d6 6.d3 Nf6 7.Nge2 O-O 8.O-O Rb8
9.h3 Bd7 10.Be3 b5 11.Qd2 b4 12.Nd1 Qb6 13.g4 Nd4 14.Ng3 Bc6 15.Rf2 Qa6 16.Qc1 Nd7
17.c3 bxc3 18.bxc3 Nb5 19.a4 Nc7 20.d4 e6 21.f5 Rb3 22.Bf1 Qa5 23.Bc4 Rbb8
24.Bd3 exf5 25.gxf5 Rbe8 26.Kh2 Nf6 27.d5 Bd7 28.Bh6 c4 29.Bc2 Na6 30.Qg5 Re5
31.Qh4 Nc5 32.Bg5 Qd8 33.Ne3 h6 34.Bxh6 Nfxe4 35.f6 Nxf6 36.Qf4 g5 37.Qf3 Bxh6
38.Nxc4 Bg7 39.Nxe5 dxe5 40.Qe3 Qe7 41.Rd1 e4 42.Kg2 Nh7 43.c4 Rc8 44.Rdf1 g4
45.Nf5 Qg5 46.Qxg5 gxh3+ 47.Kh1 Nxg5 48.Ne7+ Kf8 49.Nxc8 Bxc8 50.Rb1 Be5
51.Bd1 e3 52.Rh2 Bf5 53.Rb5 Nge4 54.Bf3 Bd6 55.a5 Nd2 56.Be2 Nce4 57.Rb7 Ng3+
58.Kg1 Nxe2+ 59.Rxe2 h2+ 60.Rxh2 Bxh2+ 61.Kxh2 e2  0-1

[Event "Montreal zt"]
[Site "Montreal"]
[Date "1981.??.??"]
[Round "?"]
[White "Barbeau, Sylvain"]
[Black "Ivanov, Igor V"]
[Result "1/2-1/2"]
[WhiteElo "2245"]
[BlackElo "2430"]

1.c4 c5 2.Nc3 g6 3.g3 Bg7 4.Bg2 Nc6 5.a3 Nf6 6.Rb1 a5 7.e4 O-O 8.Nge2 Ne8
9.O-O Nc7 10.Nd5 Rb8 11.Nec3 Na6 12.Nb5 b6 13.d3 d6 14.Bd2 Bd7 15.b3 Be8
16.Qc1 e6 17.Nf4 Nc7 18.Nxc7 Qxc7 19.Bc3 Nd4 20.b4 axb4 21.axb4 b5 22.Re1 Bd7
23.Ne2 Rfc8 24.bxc5 dxc5 25.cxb5 Bxb5 26.Bxd4 cxd4 27.Qxc7 Rxc7 28.Rb3 e5
29.Reb1 Rcb7 30.Bf1 Bf8 31.Nc1 Bd6 32.f3 Kf8 33.Kf2 Bc7 34.Ke2 Ba5 35.Bh3 Ke7
36.Bf1 Kd6 37.Bg2 Kc5 38.Bf1 Bc3 39.Bg2 Rb6 40.Bf1 g5 41.Kf2 Rh6 42.Kg2 Ra6
43.Be2 Ra4 44.Bd1 Ra5 45.Rxc3+ dxc3 46.Nb3+ Kb6 47.Nxa5 Kxa5 48.Bc2 Rc8 49.Kf2 Rc5
50.Ke3 Kb6 51.d4 exd4+ 52.Kxd4 Kc6 53.Bd3 Bxd3 54.Kxd3 Kd6 55.Rc1 Ke5 56.h3 h5  1/2-1/2

[Event "Quebec inv"]
[Site "Quebec"]
[Date "1981.??.??"]
[Round "?"]
[White "Spraggett, Kevin"]
[Black "Ivanov, Igor V"]
[Result "1-0"]
[WhiteElo "2450"]
[BlackElo "2430"]

1.c4 e6 2.Nc3 d5 3.d4 Nf6 4.cxd5 exd5 5.Bg5 c6 6.e3 Be7 7.Bd3 Nbd7 8.Qc2 O-O
9.Nge2 Re8 10.O-O Nf8 11.Rab1 Bd6 12.f3 h6 13.Bxf6 Qxf6 14.e4 dxe4 15.fxe4 Qe7
16.e5 Bc7 17.Rf2 Be6 18.Rbf1 Rad8 19.Ne4 Bb6 20.Qc3 Bd5 21.Kh1 Ne6 22.Nd6 Rxd6
23.exd6 Qxd6 24.Bc4 Ng5 25.Bxd5 Qxd5 26.Qd3 Qe4 27.Qb3 Qe3 28.Qc4 Kh8 29.h4 Ne6
30.Rxf7 Qe4 31.Nf4 Bc7 32.Qe2 Nxf4 33.Qxe4 Rxe4 34.Rxc7 Ne2 35.Rf8+ Kh7 36.g3 Nxg3+
37.Kg2 Nh5 38.Rxb7 Rxd4 39.Rf2 a5 40.Rc7 Nf4+ 41.Kf3 Nd3 42.Ke3 Rd5 43.Rg2 h5  1-0

[Event "Quebec inv"]
[Site "Quebec"]
[Date "1981.??.??"]
[Round "?"]
[White "Hebert, Jean"]
[Black "Ivanov, Igor V"]
[Result "0-1"]
[WhiteElo "2405"]
[BlackElo "2430"]

1.g3 e5 2.Bg2 d5 3.c4 dxc4 4.Qa4+ Nc6 5.Bxc6+ bxc6 6.Nc3 Bd6 7.Qxc6+ Bd7
8.Qxc4 Ne7 9.d3 O-O 10.Nf3 Rb8 11.a3 Nc6 12.b4 a5 13.b5 Na7 14.a4 c6 15.Bg5 Qc8
16.O-O cxb5 17.Nxb5 Nxb5 18.axb5 Rxb5 19.Nd2 Bb4 20.Qh4 f6 21.Be3 Be6 22.Rfc1 Qd7
23.Ne4 Bd5 24.f3 Be7 25.Nd2 Rb4 26.Nc4 a4 27.Bf2 Rfb8 28.Be1 Rb3 29.Ne3 a3
30.Nxd5 Qxd5 31.Qc4 Qxc4 32.dxc4 Rb2 33.c5 Rxe2 34.Rxa3 Bxc5+  0-1

[Event "Quebec inv"]
[Site "Quebec"]
[Date "1981.??.??"]
[Round "?"]
[White "Ivanov, Igor V"]
[Black "Zurowski, Henry"]
[Result "1-0"]
[WhiteElo "2430"]
[BlackElo "2215"]

1.e4 c5 2.Nf3 g6 3.d4 Bg7 4.c4 cxd4 5.Nxd4 Nc6 6.Be3 Nf6 7.Nc3 d6 8.Be2 Bd7
9.O-O Nxd4 10.Bxd4 Bc6 11.Qc2 a5 12.Rad1 Qc7 13.Rfe1 O-O 14.h4 a4 15.h5 Nd7
16.Bxg7 Kxg7 17.Nd5 Bxd5 18.Rxd5 f6 19.Qc3 Nc5 20.Qe3 Qa5 21.Red1 Qb4 22.f4 Qxb2
23.e5 fxe5 24.fxe5 Rae8 25.Bf3 b6 26.Re1 dxe5 27.Rd2 Qb4 28.h6+ Kg8 29.Qxe5 Rf7
30.Bd5 e6 31.Rb2 Qa5 32.Rb5 Qd2 33.Rxb6 Qf2+ 34.Kh2 Nd3 35.Rxe6 Qh4+ 36.Kg1 Qf2+
37.Kh1 Qh4+ 38.Qh2 Nf2+ 39.Kg1 Qxh2+ 40.Kxh2  1-0

[Event "Quebec inv"]
[Site "Quebec"]
[Date "1981.??.??"]
[Round "?"]
[White "Ivanov, Igor V"]
[Black "Witt, Laszlo"]
[Result "1-0"]
[WhiteElo "2430"]
[BlackElo "2340"]

1.d4 Nf6 2.c4 c5 3.d5 b5 4.cxb5 a6 5.bxa6 Bxa6 6.Nc3 d6 7.e4 Bxf1 8.Kxf1 g6
9.g4 Bg7 10.g5 Nh5 11.Nge2 Qc8 12.Kg2 Qg4+ 13.Ng3 Nf4+ 14.Bxf4 Qxf4 15.h4 O-O
16.Rh3 Na6 17.Nge2 Qg4+ 18.Rg3 Qd7 19.h5 Rab8 20.Qd2 Qb7 21.Rh1 Qxb2 22.Qf4 f6
23.hxg6 hxg6 24.Qh4 Kf7 25.Qg4 Ke8 26.Rh7 f5 27.exf5 Bxc3 28.Qa4+ Kd8 29.Nxc3 Rxf5
30.Rh8+  1-0

[Event "Quebec inv"]
[Site "Quebec"]
[Date "1981.??.??"]
[Round "?"]
[White "Barbeau, Sylvain"]
[Black "Ivanov, Igor V"]
[Result "0-1"]
[WhiteElo "2245"]
[BlackElo "2430"]

1.c4 f5 2.Nf3 Nf6 3.b3 d6 4.d4 Nbd7 5.Bb2 e5 6.dxe5 dxe5 7.Bxe5 Nxe5 8.Qxd8+ Kxd8
9.Nxe5 Bb4+ 10.Kd1 Ne4 11.Nd3 Be7 12.a3 c6 13.Nd2 Kc7 14.e3 Rd8 15.Kc2 a5
16.Be2 Bf6 17.Rae1 Be7 18.Nb1 Be6 19.f3 Nc5 20.Nxc5 Bxc5 21.Bd3 b5 22.cxb5 Bxb3+
23.Kc3 a4 24.bxc6 Bb6 25.Bxf5 Ba5+ 26.Kb2 Rab8 27.Ka1 Rb5 28.Be4 Bxe1 29.Rxe1 Rc5
30.Re2 g6 31.Rb2 Rd1 32.Rd2 Rxd2 33.Nxd2 Bd5 34.Bb1 Rc1 35.Kb2 Rg1 36.g4 Bxc6
37.h4 Rh1 38.g5 Rxh4 39.Kc3 Rh3 40.Bc2 Rg3 41.f4 Rxe3+ 42.Kd4 Re2  0-1